[Event "Canadian op U2000"]
[Site "Kitchener"]
[Date "2006.07.21"]
[Round "7"]
[White "Schaefer, Klaus"]
[Black "Garel, Rick"]
[Result "1/2-1/2"]
[WhiteElo "1740"]
[BlackElo "1861"]
[PlyCount "64"]
[EventDate "2006.07.15"]
[EventType "swiss"]
[EventRounds "9"]
[EventCountry "CAN"]
[SourceTitle "CBM 113 Extra"]
[Source "ChessBase"]
[SourceDate "2006.09.14"]
[SourceVersion "1"]
[SourceVersionDate "2006.09.14"]
[SourceQuality "1"]

1. e4 e6 2. d3 d5 3. Qe2 Nf6 4. Nf3 b6 5. e5 Nfd7 6. g3 c5 7. Bg2 Nc6 8. 0-0 Be7 9. c4 d4 10. Re1 Bb7 11. Nbd2 h5 12. h4 Qc7 13. Ne4 0-0-0 14. Bf4 Nf8 15. Nd6+ Bxd6 16. exd6 Qd7 17. Bh3 Ng6 18. Ne5 Nxf4 19. gxf4 Nxe5 20. fxe5 Qc6 21. Kh2 Qf3 22. Qxf3 Bxf3 23. Kg3 Bc6 24. f4 g6 25. b4 Kd7 26. Reb1 Rb8 27. a4 a5 28. b5 Ba8 29. Rg1 Rbg8 30. Kf2 Re8 31. Raf1 Bb7 32. Rg5 Ba8 1/2-1/2

[Event "Canadian op U2000"]
[Site "Kitchener"]
[Date "2006.07.20"]
[Round "6"]
[White "McKay, Brian"]
[Black "Schaefer, Klaus"]
[Result "1-0"]
[WhiteElo "1720"]
[BlackElo "1740"]
[PlyCount "71"]
[EventDate "2006.07.15"]
[EventType "swiss"]
[EventRounds "9"]
[EventCountry "CAN"]
[SourceTitle "CBM 113 Extra"]
[Source "ChessBase"]
[SourceDate "2006.09.14"]
[SourceVersion "1"]
[SourceVersionDate "2006.09.14"]
[SourceQuality "1"]

1. d4 d5 2. Nf3 e6 3. Bf4 Bd6 4. Ne5 f6 5. Nd3 Ne7 6. e3 0-0 7. Nd2 Ng6 8. Bg3 e5 9. c3 e4 10. Nb4 c6 11. Qb3 f5 12. Nxd5 Be6 13. Qxb7 Bxg3 14. hxg3 Bxd5 15. Qxa8 Qb6 16. c4 Nd7 17. Qxf8+ Ndxf8 18. cxd5 Qxb2 19. Rb1 Qxa2 20. dxc6 Kh8 21. Bc4 Qa5 22. Ke2 Qc7 23. d5 Ne5 24. Rb7 Qa5 25. Rb8 Qa3 26. Rd1 Qd6 27. c7 Ned7 28. c8Q Nxb8 29. Rb1 Nbd7 30. Bb5 Nb6 31. Qc6 Qd8 32. d6 Nc8 33. d7 Nb6 34. Qd6 Nfxd7 35. Bxd7 Nxd7 36. Qxd7 1-0